Tomáš jede do Londýna : na motivy knih W. Awdryho

Main Author: Randall, Ronne
Other Authors: Awdry, W., 1911-1997., Davies, Robin, 1950-
Language: Czech
Published: V Praze : Egmont Publishing, 2016
Edition: První vydání
Series: Tomáš a jeho přátelé
Physical Description: 32 nečíslovaných stran : barevné ilustrace ; 26 cm
Book
Saved in:
LEADER 01751cam a2200517 i 4500
001 nkc20162811512
003 CZ PrNK
005 20160831121234.0
007 ta
008 160518s2016 xr a b 000 j cze d
015 |a cnb002811512 
020 |a 978-80-252-3722-9  |q (vázáno) 
035 |a (OCoLC)956489962 
040 |a KMG001  |b cze  |d BOA001  |e rda 
041 1 |a cze  |h eng 
072 7 |a 821-93  |x Literatura pro děti a mládež (beletrie)  |2 Konspekt  |9 26 
080 |a 821-32  |2 MRF 
080 |a 821-93  |2 MRF 
080 |a (0:82-32)  |2 MRF 
100 1 |a Randall, Ronne  |7 mzk2005278236  |4 aut 
245 1 0 |a Tomáš jede do Londýna :  |b na motivy knih W. Awdryho 
250 |a První vydání 
264 1 |a V Praze :  |b Egmont Publishing,  |c 2016 
300 |a 32 nečíslovaných stran :  |b barevné ilustrace ;  |c 26 cm 
336 |a text  |b txt  |2 rdacontent 
336 |a statický obraz  |b sti  |2 rdacontent 
337 |a bez média  |b n  |2 rdamedia 
338 |a svazek  |b nc  |2 rdacarrier 
490 1 |a Tomáš a jeho přátelé 
500 |a Přeloženo z angličtiny 
500 |a Název z obálky 
500 |a Napsala Rone Randall ; ilustrace Robin Davies 
655 7 |a příběhy  |7 fd133204  |2 czenas 
655 7 |a publikace pro děti  |7 fd133156  |2 czenas 
655 9 |a stories  |2 eczenas 
655 9 |a children's literature  |2 eczenas 
700 1 |a Awdry, W.,  |d 1911-1997.  |t Railway series.  |l Česky 
700 1 |a Davies, Robin,  |d 1950-  |7 xx0010569  |4 ill 
830 0 |a Tomáš a jeho přátelé  |0 s 
910 2 |a BOA001  |b 3-1370.927 
920 |a 0647998  |z CBA001 
928 9 |a Egmont ČR 
990 |a BK 
995 |a 01 
991 |b 201607  |c NOV 
996 6 |b 2610676285  |c 3-1370.927  |l MZK  |r Sklad / do 1 hodiny  |n 0  |p p.v.  |w 001570223  |u 000010  |a 1  |e BOA001  |j MZK50  |s P